[Event "Thematic Tarrasch Memorial"]
[Site "SchemingMind.com"]
[Date "2009.03.15"]
[Round "-"]
[White "klagefall"]
[Black "Jose Luis Fonseca Gonzalez"]
[Result "1-0"]
[WhiteCountry "GER"]
[BlackCountry "NCA"]
[WhiteElo "2045"]
[WhiteRD "56"]
[BlackElo "2052"]
[BlackRD "83"]
[GameID "196568"]

1. d4 d5 2. c4 e6 3. Nc3 c5 4. cxd5 exd5 5. Nf3 Nc6 6. g3 Nf6 7. Bg2 Be7 8. O-O O-O 9. Bg5 cxd4 10. Nxd4 h6
11. Be3 Re8 12. Rc1 Bg4 13. Nb3 Be6 14. Bd4 Rc8 15. Bxf6 Bxf6 16. Bxd5 Bxd5 17. Nxd5 Bxb2 18. Rc2 Ba3 19. Qd2 Qd6 20. Rd1 Rcd8
21. e3 Re5 22. Nf4 g5 23. Qxd6 Rxd6 24. Rxd6 Bxd6 25. Ne2 Kg7 26. Ned4 Nxd4 27. Nxd4 Rc5 28. Kf1 Rxc2 29. Nxc2 g4 30. Ke2=
1-0

[Event "Thematic Tarrasch Memorial"]
[Site "SchemingMind.com"]
[Date "2009.03.17"]
[Round "-"]
[White "klagefall"]
[Black "badbishop"]
[Result "1/2-1/2"]
[WhiteCountry "GER"]
[BlackCountry "POL"]
[WhiteElo "2045"]
[WhiteRD "56"]
[BlackElo "2248"]
[BlackRD "76"]
[GameID "196569"]

1. d4 d5 2. c4 e6 3. Nc3 c5 4. cxd5 exd5 5. Nf3 Nc6 6. g3 Nf6 7. Bg2 Be7 8. O-O O-O 9. Bg5 cxd4 10. Nxd4 h6
11. Be3 Re8 12. Rc1 Bf8 13. Nxc6 bxc6 14. Na4 Bd7 15. Bc5 Bxc5 16. Nxc5 Bg4 17. Re1 Qa5 18. h3 Bh5 19. Nd3 Rac8 20. Nf4 Qxa2
21. Qc2 Qa6 22. Qf5 Bg6 23. Nxg6 fxg6 24. Qxg6 Rxe2 25. Bf3 Rxe1+ 26. Rxe1 Qb7 27. Qf5 Rb8 28. Qe6+ Kh8 29. Rc1 Rd8 30. Rxc6 Re8
31. Qd6 Qxb2 32. Bxd5 Re1+ 33. Kg2 Qe2 34. Qd8+ Kh7 35. Rxf6 Qf1+ 36. Kf3 Qe2+=
1/2-1/2

[Event "Thematic Tarrasch Memorial"]
[Site "SchemingMind.com"]
[Date "2009.03.15"]
[Round "-"]
[White "klagefall"]
[Black "smothered mate"]
[Result "1/2-1/2"]
[WhiteCountry "GER"]
[BlackCountry "POL"]
[WhiteElo "2009"]
[WhiteRD "61"]
[BlackElo "1888"]
[BlackRD "58"]
[GameID "196570"]

1. d4 d5 2. c4 e6 3. Nc3 c5 4. cxd5 exd5 5. Nf3 Nc6 6. g3 Nf6 7. Bg2 Be7 8. O-O O-O 9. Bg5 Be6 10. Rc1 Rc8
11. dxc5 Bxc5 12. Bxf6 gxf6 13. Nb5 Be7 14. Nbd4 Qa5 15. a3 Ne5 16. Nxe5 fxe5 17. Nxe6 fxe6 18. Bh3 Qb6 19. Rxc8 Rxc8 20. e3 Rc4
21. b3 Rc6 22. Qg4+ Kh8 23. Qh5 Qc7 24. Qf7 Bxa3 25. Qe8+=
1/2-1/2

[Event "Thematic Tarrasch Memorial"]
[Site "SchemingMind.com"]
[Date "2009.03.16"]
[Round "-"]
[White "klagefall"]
[Black "waldron"]
[Result "1/2-1/2"]
[WhiteCountry "GER"]
[BlackCountry "USA"]
[WhiteElo "2009"]
[WhiteRD "61"]
[BlackElo "2190"]
[BlackRD "68"]
[GameID "196571"]

1. d4 d5 2. c4 e6 3. Nc3 c5 4. cxd5 exd5 5. Nf3 Nc6 6. g3 Nf6 7. Bg2 Be7 8. O-O O-O 9. Bg5 Be6 10. dxc5 Bxc5
11. Bxf6 Qxf6 12. Nxd5 Qxb2 13. Nc7 Rad8 14. Qc1 Qxc1 15. Raxc1 b6 16. Nxe6 fxe6 17. e3 h6 18. Rc4 Rd6 19. Re4 a6 20. h4 Rf5
21. Rb1 g6 22. g4 Rf8 23. a4 Kg7=
1/2-1/2

[Event "Thematic Tarrasch Memorial"]
[Site "SchemingMind.com"]
[Date "2009.03.15"]
[Round "-"]
[White "klagefall"]
[Black "marekj"]
[Result "1/2-1/2"]
[WhiteCountry "GER"]
[BlackCountry "INT"]
[WhiteElo "1981"]
[WhiteRD "68"]
[BlackElo "2118"]
[BlackRD "91"]
[GameID "196572"]

1. d4 d5 2. c4 e6 3. Nc3 c5 4. cxd5 exd5 5. Nf3 Nc6 6. g3 Nf6 7. Bg2 Be7 8. O-O O-O 9. Bg5 c4 10. Ne5 Be6
11. f4 Qc8 12. Bxf6 gxf6 13. Nxc6 bxc6 14. Qc2 f5 15. b3 Rd8 16. bxc4 dxc4 17. e3 Rb8 18. Rab1 Rb6 19. Na4 Rb5 20. Nc3 Rb6=
1/2-1/2

[Event "Thematic Tarrasch Memorial"]
[Site "SchemingMind.com"]
[Date "2009.03.20"]
[Round "-"]
[White "riverriver"]
[Black "klagefall"]
[Result "0-1"]
[WhiteCountry "USA"]
[BlackCountry "GER"]
[WhiteElo "1700"]
[WhiteRD "63"]
[BlackElo "2045"]
[BlackRD "56"]
[GameID "196573"]

1. d4 d5 2. c4 e6 3. Nc3 c5 4. cxd5 exd5 5. Nf3 Nc6 6. g3 Nf6 7. Bg2 Be7 8. O-O O-O 9. dxc5 Bxc5 10. Bg5 d4
11. Nb5 Bb6 12. Nfxd4 Nxd4 13. Nxd4 Qxd4 14. Qxd4 Bxd4 15. Rab1 h6 16. Bxf6 Bxf6 17. b3 Rb8 18. Rfc1 Bg4 19. f3 Be6 20. e4 Rfc8
21. Re1 Bd4+ 22. Kh1 Rc2 23. Red1 Bb6 24. h4 Rd8 25. Rxd8+ Bxd8 26. f4 Bb6
0-1

[Event "Thematic Tarrasch Memorial"]
[Site "SchemingMind.com"]
[Date "2009.03.16"]
[Round "-"]
[White "Jose Luis Fonseca Gonzalez"]
[Black "klagefall"]
[Result "1/2-1/2"]
[WhiteCountry "NCA"]
[BlackCountry "GER"]
[WhiteElo "2052"]
[WhiteRD "83"]
[BlackElo "2045"]
[BlackRD "56"]
[GameID "196574"]

1. d4 d5 2. c4 e6 3. Nc3 c5 4. cxd5 exd5 5. Nf3 Nc6 6. g3 Nf6 7. Bg2 Be7 8. O-O O-O 9. Bg5 c4 10. Ne5 Be6
11. f4 Ng4 12. Nxg4 Bxg4 13. Bxd5 Bxg5 14. fxg5 Qxg5 15. Rf4 Be6 16. Bg2 Rad8 17. d5 Ne7 18. e4 Ng6 19. Rf2 Ne5 20. Qd4 Bd7
21. b3 Nd3 22. Rc2 Nb4 23. Re2 Bg4 24. Rf2 Nd3 25. Rff1 Qe5 26. Qxe5 Nxe5 27. bxc4 Nxc4 28. Rfb1 Rb8 29. Nb5 a6 30. Nd4 f6=
1/2-1/2

[Event "Thematic Tarrasch Memorial"]
[Site "SchemingMind.com"]
[Date "2009.03.17"]
[Round "-"]
[White "badbishop"]
[Black "klagefall"]
[Result "1/2-1/2"]
[WhiteCountry "POL"]
[BlackCountry "GER"]
[WhiteElo "2287"]
[WhiteRD "80"]
[BlackElo "2029"]
[BlackRD "59"]
[GameID "196575"]

1. d4 d5 2. c4 e6 3. Nc3 c5 4. cxd5 exd5 5. Nf3 Nc6 6. Bf4 Nf6 7. e3 cxd4 8. Nxd4 Bb4 9. Bb5 Bd7 10. Rc1 O-O
11. O-O Rc8 12. Nxc6 Bxc6 13. Be2 Ne4 14. Be5 Qa5 15. a3 Bxc3 16. Bxc3 Nxc3 17. Rxc3 Ba4 18. Qd4 Rxc3 19. bxc3 Bc6= 20. Qb4 Qa4
21. Rc1 g6 22. h3 Kg7 23. Rb1 Qxb4 24. cxb4 Kf6 25. Rc1 Rc8 26. Bg4 Re8 27. Bf3 Re7 28. h4 Ke5 29. Kh2 f5 30. Kg3 h6
31. Be2 g5 32. hxg5 hxg5 33. b5=
1/2-1/2

[Event "Thematic Tarrasch Memorial"]
[Site "SchemingMind.com"]
[Date "2009.03.15"]
[Round "-"]
[White "smothered mate"]
[Black "klagefall"]
[Result "1/2-1/2"]
[WhiteCountry "POL"]
[BlackCountry "GER"]
[WhiteElo "1888"]
[WhiteRD "58"]
[BlackElo "2009"]
[BlackRD "61"]
[GameID "196576"]

1. d4 d5 2. c4 e6 3. Nc3 c5 4. cxd5 exd5 5. Nf3 Nc6 6. g3 Nf6 7. Bg2 Be7 8. O-O O-O 9. Be3 c4 10. Ne5 h6
11. Nxc6 bxc6 12. Qd2 Bf5 13. Rfd1 Bb4 14. Rac1 Ne4 15. Bxe4 Bxe4 16. f3 Bg6 17. a3 Ba5 18. Bf4 Re8 19. Kf2 Re6 20. Qe1 Qd7=
1/2-1/2

[Event "Thematic Tarrasch Memorial"]
[Site "SchemingMind.com"]
[Date "2009.03.16"]
[Round "-"]
[White "waldron"]
[Black "klagefall"]
[Result "1/2-1/2"]
[WhiteCountry "USA"]
[BlackCountry "GER"]
[WhiteElo "2190"]
[WhiteRD "68"]
[BlackElo "2009"]
[BlackRD "61"]
[GameID "196577"]

1. d4 d5 2. c4 e6 3. Nc3 c5 4. cxd5 exd5 5. Nf3 Nc6 6. g3 Nf6 7. Bg2 Be7 8. O-O O-O 9. Bg5 c4 10. Ne5 Be6
11. Nxc6 bxc6 12. b3 Qa5 13. Qc2 Bb4 14. Bd2 c5 15. a3 cxb3 16. Qb2 Bxc3 17. Bxc3 Qa4 18. dxc5 Rfc8 19. Bd4 Nd7 20. Rac1 f6
21. Rfd1 Rab8 22. Rd3 Qb5 23. Rcc3 Nxc5 24. Bxc5 Rxc5 25. Rxb3 Qxb3 26. Rxb3=
1/2-1/2

[Event "Thematic Tarrasch Memorial"]
[Site "SchemingMind.com"]
[Date "2009.03.15"]
[Round "-"]
[White "marekj"]
[Black "klagefall"]
[Result "1-0"]
[WhiteCountry "INT"]
[BlackCountry "GER"]
[WhiteElo "2247"]
[WhiteRD "77"]
[BlackElo "2009"]
[BlackRD "61"]
[GameID "196578"]

1. d4 d5 2. c4 e6 3. Nc3 c5 4. cxd5 exd5 5. Nf3 Nc6 6. g3 Nf6 7. Bg2 Be7 8. O-O O-O 9. dxc5 Bxc5 10. Bg5 d4
11. Bxf6 Qxf6 12. Ne4 Qe7 13. Nxc5 Qxc5 14. Rc1 Qb6 15. Qd2 Bg4 16. b3 Rfe8 17. Rfd1 Rad8 18. Qg5 Be6 19. Qc5 Qxc5 20. Rxc5 Bg4
21. h3 Bc8 22. Rd2 f6 23. Ne1 Rd6 24. Nd3 Bd7 25. Nb2 Be6 26. Nc4 Bxc4 27. Rxc4 Re7 28. Kf1 Red7 29. Bxc6 bxc6 30. Rdc2 Rc7
31. Ke1 d3 32. exd3 Rxd3 33. Rxc6 Re7+ 34. Kf1 Rd1+ 35. Kg2 Rdd7 36. b4 Rb7 37. R2c4 Kf7 38. a4 Rbd7 39. b5 Rb7 40. R4c5 Ke8
41. a5 Rb8 42. Kf3 Reb7 43. Rc8+ Rxc8 44. Rxc8+ Kf7 45. Rc5 Ke6 46. a6 Rd7 47. Rc3 Ke7 48. Ke4 Kd8 49. Rd3 Rxd3 50. Kxd3 Kc7
51. Kc4
1-0

[Event "Thematic Tarrasch Memorial"]
[Site "SchemingMind.com"]
[Date "2009.03.28"]
[Round "-"]
[White "n_antonov"]
[Black "riverriver"]
[Result "1-0"]
[WhiteCountry "BUL"]
[BlackCountry "USA"]
[WhiteElo "2200"]
[WhiteRD "57"]
[BlackElo "1830"]
[BlackRD "68"]
[GameID "198027"]

1. d4 d5 2. c4 e6 3. Nc3 c5 4. cxd5 cxd4 5. Qa4+ Bd7 6. Qxd4 exd5 7. Qxd5 Nc6 8. Nf3 Nf6 9. Qd1 Bc5 10. e3 O-O
11. Bd2 Bg4 12. h3 Be6 13. Be2 Qb6 14. Na4 Qd8 15. Nxc5 b6 16. Nxe6 fxe6 17. Qb3 Ne4 18. Qxe6+ Kh8 19. Qxe4 Qf6 20. Bd3 Qh6
21. Rc1 Rac8 22. Ng5 Qxg5 23. Qxh7#
1-0

[Event "Thematic Tarrasch Memorial"]
[Site "SchemingMind.com"]
[Date "2009.03.31"]
[Round "-"]
[White "n_antonov"]
[Black "Jose Luis Fonseca Gonzalez"]
[Result "1-0"]
[WhiteCountry "BUL"]
[BlackCountry "NCA"]
[WhiteElo "2200"]
[WhiteRD "57"]
[BlackElo "2086"]
[BlackRD "86"]
[GameID "198028"]

1. d4 d5 2. c4 e6 3. Nc3 c5 4. cxd5 exd5 5. Nf3 Nc6 6. g3 Nf6 7. Bg2 Be7 8. O-O O-O 9. Bg5 cxd4 10. Nxd4 h6
11. Be3 Re8 12. Rc1 Bf8 13. Nxc6 bxc6 14. Na4 Bd7 15. Bc5 Bxc5 16. Nxc5 Bg4 17. Re1 Qa5 18. a3 Qb5 19. f3 Bf5 20. e4 dxe4
21. fxe4 Rad8 22. Qc2
1-0

[Event "Thematic Tarrasch Memorial"]
[Site "SchemingMind.com"]
[Date "2009.03.29"]
[Round "-"]
[White "n_antonov"]
[Black "badbishop"]
[Result "1/2-1/2"]
[WhiteCountry "BUL"]
[BlackCountry "POL"]
[WhiteElo "2220"]
[WhiteRD "67"]
[BlackElo "2234"]
[BlackRD "74"]
[GameID "198029"]

1. d4 d5 2. c4 e6 3. Nc3 c5 4. e3 Nf6 5. Nf3 cxd4 6. Nxd4 Nc6 7. cxd5 exd5 8. Be2 Bd6 9. O-O O-O 10. b3 Be5
11. Bb2 Nxd4 12. exd4 Bc7 13. g3 Bh3 14. Re1 Qd7 15. Bb5 Qf5 16. Ba3 Rfc8 17. Bd3 Qg5 18. Nb5 Bb6 19. Re5 Qg4 20. Re7 a6
21. Be2 axb5 22. Bxg4 Bxg4 23. Qd3 Rxa3 24. Rxb7 Nd7 25. Kg2 Raa8 26. h3 Be6 27. f4 g6 28. g4 Rab8 29. Rxb8 Nxb8 30. Qxb5 Bxd4
31. Re1 Bf6 32. a4 d4 33. Kh2 Rd8 34. a5 Bh4 35. Rd1 Be7 36. b4 Rc8 37. a6 Nxa6 38. Qxa6 Rc2+ 39. Kg3 Bd5 40. Qf1 Rc3+
41. Kh2 Rc2+ 42. Kg1 Rc4 43. Rb1 Kg7 44. b5 Bc5 45. Rc1 d3+ 46. Kh2 Be3 47. Rxc4 Bxc4 48. b6 d2 49. Qd1 Bxf4+ 50. Kg2 Ba6
51. Kf3 g5 52. Qc2 Kf6 53. h4=
1/2-1/2

[Event "Thematic Tarrasch Memorial"]
[Site "SchemingMind.com"]
[Date "2009.03.26"]
[Round "-"]
[White "n_antonov"]
[Black "smothered mate"]
[Result "1-0"]
[WhiteCountry "BUL"]
[BlackCountry "POL"]
[WhiteElo "2255"]
[WhiteRD "58"]
[BlackElo "1888"]
[BlackRD "58"]
[GameID "198030"]

1. d4 d5 2. c4 e6 3. Nc3 c5 4. e3 Nc6 5. cxd5 exd5 6. dxc5 Nf6 7. Na4 Bxc5 8. Nxc5 Qa5+ 9. Bd2 Qxc5 10. Rc1 Qe7
11. Bb5 Bd7 12. Ne2 O-O 13. a3 Rac8 14. O-O Rfd8 15. Re1 Ne5 16. Rxc8 Bxc8 17. Bb4 Qe6 18. Nf4 Qb6 19. Be7 Qxb5 20. Bxd8 Qxb2
21. Qd4 Qxd4 22. exd4 Nc6 23. Bxf6
1-0

[Event "Thematic Tarrasch Memorial"]
[Site "SchemingMind.com"]
[Date "2009.03.31"]
[Round "-"]
[White "n_antonov"]
[Black "waldron"]
[Result "0-1"]
[WhiteCountry "BUL"]
[BlackCountry "USA"]
[WhiteElo "2255"]
[WhiteRD "58"]
[BlackElo "2190"]
[BlackRD "68"]
[GameID "198031"]

1. d4 d5 2. c4 e6 3. Nc3 c5 4. cxd5 exd5 5. Nf3 Nc6 6. g3 Nf6 7. Bg2 Be7 8. O-O O-O 9. Bf4 Bg4 10. dxc5 Bxc5
11. Qb3 b6 12. e3 Rc8 13. Rfd1 d4 14. Qa4 d3 15. Rd2 Bf5 16. Ne1 Nb4 17. Bb7 b5 18. Nxb5 Ne4 19. a3 Nxd2 20. axb4 Be4
21. Bxe4 Nxe4 22. bxc5 Nxc5 23. Qd1 d2 24. Nc2 Nb3 25. Rb1 g5 26. Bd6 Re8 27. Ba3 Qd3 28. Nc3 a5 29. Kg2 Rc4 30. h3 f6
31. g4 Rec8 32. f3 Kg7 33. Kg3 h5 34. Kg2 Rh8 35. Be7 hxg4 36. hxg4 Rc7 37. Ba3 Nc1 38. e4 Kg6
0-1

[Event "Thematic Tarrasch Memorial"]
[Site "SchemingMind.com"]
[Date "2009.03.27"]
[Round "-"]
[White "n_antonov"]
[Black "marekj"]
[Result "0-1"]
[WhiteCountry "BUL"]
[BlackCountry "INT"]
[WhiteElo "2218"]
[WhiteRD "63"]
[BlackElo "2118"]
[BlackRD "91"]
[GameID "198032"]

1. d4 d5 2. c4 e6 3. Nc3 c5 4. e3 Nf6 5. Nf3 Nc6 6. a3 a6 7. b3 Be7 8. Bb2 cxd4 9. Nxd4 e5 10. Nxc6 bxc6
11. Bd3 O-O 12. O-O Be6 13. cxd5 cxd5 14. Rc1 Bd6 15. Na4 Qe7 16. Nb6 Rab8 17. Rc6 a5 18. Qa1 Qd8 19. Na4 d4 20. exd4 e4
21. Be2 Bxb3 22. Nc5 Bd5 23. Ra6 Qc7 24. g3 e3 25. f4 Rfd8 26. Bc3 Qc8 27. f5 Bxc5 28. dxc5 Bb7 29. Ra7 Ne4 30. Rxb7 Qxb7
31. Bf3 Qe7 32. Bxg7 e2 33. Bxe2 Qxc5+
0-1

[Event "Thematic Tarrasch Memorial"]
[Site "SchemingMind.com"]
[Date "2009.03.26"]
[Round "-"]
[White "n_antonov"]
[Black "klagefall"]
[Result "1-0"]
[WhiteCountry "BUL"]
[BlackCountry "GER"]
[WhiteElo "2218"]
[WhiteRD "63"]
[BlackElo "1981"]
[BlackRD "68"]
[GameID "198033"]

1. d4 d5 2. c4 e6 3. Nc3 c5 4. cxd5 exd5 5. Nf3 Nc6 6. Bf4 Nf6 7. e3 cxd4 8. Nxd4 Bb4 9. Be2 Ne4 10. Rc1 O-O
11. O-O Nxc3 12. bxc3 Bc5 13. Qb3 a6 14. Bf3 g5 15. Bg3 g4 16. Be2 Re8 17. Rfd1 Ne5 18. Nc2 Qf6 19. Qxd5 Bf8 20. Nb4 Bg7
21. Nd3 Nxd3 22. Bxd3 Qc6 23. c4
1-0

[Event "Thematic Tarrasch Memorial"]
[Site "SchemingMind.com"]
[Date "2009.03.31"]
[Round "-"]
[White "riverriver"]
[Black "n_antonov"]
[Result "0-1"]
[WhiteCountry "USA"]
[BlackCountry "BUL"]
[WhiteElo "1881"]
[WhiteRD "72"]
[BlackElo "2255"]
[BlackRD "58"]
[GameID "198034"]

1. d4 d5 2. c4 e6 3. Nc3 c5 4. cxd5 exd5 5. Nf3 Nf6 6. dxc5 Bxc5 7. e3 O-O 8. Be2 Nc6 9. O-O a6 10. Bd2 Bf5
11. Qb3 b5 12. Nh4 Be6 13. Qc2 d4 14. exd4 Nxd4 15. Nf3 Nxc2
0-1

[Event "Thematic Tarrasch Memorial"]
[Site "SchemingMind.com"]
[Date "2009.03.31"]
[Round "-"]
[White "Jose Luis Fonseca Gonzalez"]
[Black "n_antonov"]
[Result "1-0"]
[WhiteCountry "NCA"]
[BlackCountry "BUL"]
[WhiteElo "2052"]
[WhiteRD "83"]
[BlackElo "2208"]
[BlackRD "60"]
[GameID "198035"]

1. d4 d5 2. c4 e6 3. Nc3 c5 4. cxd5 exd5 5. Nf3 Nc6 6. g3 Nf6 7. Bg2 Be7 8. O-O O-O 9. Bg5 c4 10. Ne5 Be6
11. f4 h6 12. Bxf6 Bxf6 13. f5 Bxe5 14. dxe5 Qb6+ 15. e3 Qxb2 16. Rc1 Nb4 17. Rf2 Qa3 18. fxe6 fxe6 19. Rxf8+ Rxf8 20. Bh3 Re8
21. Qd2 Nd3 22. Rf1 Qa5 23. a4 Qc7 24. Ne2 Qxe5 25. Nf4 Nc5 26. Qd4 Qd6 27. Rd1 Qc6 28. Bg4 Nxa4 29. Bh5 Rd8 30. Rf1 Rf8
31. Ra1 Ra8 32. Ng6 Qe8 33. Rf1
1-0

[Event "Thematic Tarrasch Memorial"]
[Site "SchemingMind.com"]
[Date "2009.03.29"]
[Round "-"]
[White "badbishop"]
[Black "n_antonov"]
[Result "0-1"]
[WhiteCountry "POL"]
[BlackCountry "BUL"]
[WhiteElo "2285"]
[WhiteRD "86"]
[BlackElo "2255"]
[BlackRD "58"]
[GameID "198036"]

1. d4 d5 2. c4 e6 3. Nc3 c5 4. cxd5 exd5 5. Nf3 cxd4 6. Nxd4 Nf6 7. Bg5 Be7 8. g3 Nc6 9. Bg2 Qb6 10. Bxf6 Bxf6
11. Nxd5 Qxd4 12. Nc7+ Ke7 13. Nxa8 Qb4+ 14. Qd2 Qxd2+ 15. Kxd2 Be5 16. f4 Bd6 17. Rac1 Bd7 18. e4 Rxa8 19. e5 Bc7 20. Be4 Bb6
21. a3 Nd4 22. Rc3 Rd8 23. Ke1 a5
0-1

[Event "Thematic Tarrasch Memorial"]
[Site "SchemingMind.com"]
[Date "2009.03.26"]
[Round "-"]
[White "smothered mate"]
[Black "n_antonov"]
[Result "0-1"]
[WhiteCountry "POL"]
[BlackCountry "BUL"]
[WhiteElo "1888"]
[WhiteRD "58"]
[BlackElo "2255"]
[BlackRD "58"]
[GameID "198037"]

1. d4 d5 2. c4 e6 3. Nc3 c5 4. cxd5 exd5 5. Nf3 Nc6 6. Bg5 Be7 7. Bxe7 Ngxe7 8. dxc5 Qa5 9. e3 O-O 10. Bd3 Qxc5
11. O-O Be6 12. Rc1 Rac8 13. Nd4 Nxd4 14. exd4 Qb4 15. Rc2 a6 16. a3 Qd6 17. Re2 g6 18. Rfe1 Nc6 19. Bb1 Qf4 20. Re5 Nxe5
21. Rxe5 Rfe8 22. g3 Bg4 23. gxf4 Bxd1 24. Ba2 Bf3 25. h4 Kg7 26. Nxd5 Rxe5 27. fxe5 Rc2 28. Nc3 Rxb2
0-1

[Event "Thematic Tarrasch Memorial"]
[Site "SchemingMind.com"]
[Date "2009.03.31"]
[Round "-"]
[White "waldron"]
[Black "n_antonov"]
[Result "1/2-1/2"]
[WhiteCountry "USA"]
[BlackCountry "BUL"]
[WhiteElo "2190"]
[WhiteRD "68"]
[BlackElo "2255"]
[BlackRD "58"]
[GameID "198038"]

1. d4 d5 2. c4 e6 3. Nc3 c5 4. cxd5 exd5 5. Nf3 Nc6 6. g3 Nf6 7. Bg2 Be7 8. O-O O-O 9. dxc5 Bxc5 10. Bg5 d4
11. Bxf6 Qxf6 12. Nd5 Qd8 13. Nd2 Bg4 14. Nb3 Bb6 15. Re1 Be6 16. Nxb6 Qxb6 17. Rc1 Rad8= 18. Nc5 Qxb2 19. Nxb7 Qxb7 20. Bxc6 Qb4
21. Rb1= Qa5 22. Qd3 Rd6 23. Be4 f5 24. Bf3 Rd7 25. Rec1 Qxa2 26. Qb5 Qa3 27. Rc6 Qe7 28. Rbc1 Rfd8 29. Qe5 Kf7 30. Ra1 Qf6
31. Qa5 Kg8 32. Qa6 Re7 33. Ra5 d3 34. exd3 h6 35. Ra2 Qf7 36. Re2 Rde8 37. Re5 Bb3= 38. Rxe7 Rxe7 39. Rc5 f4 40. Be4 Be6
41. Qd6 Bh3 42. gxf4 Kh8 43. Re5 Re8 44. Qg6 Qxg6+ 45. Bxg6 Re6 46. Be4 g6 47. f3 Ra6 48. Kf2 Kg7 49. Re7+ Kf6 50. Rh7 h5
51. Rc7 h4 52. Rh7 Bc8 53. Rxh4 Kg7 54. f5 gxf5 55. Ba8 Be6 56. Ke3 Ra1 57. d4 Rd1 58. Ke2 Bb3 59. Bd5 Rb1 60. Bc6 a5
61. d5 a4 62. Bxa4 Bxd5=
1/2-1/2

[Event "Thematic Tarrasch Memorial"]
[Site "SchemingMind.com"]
[Date "2009.03.27"]
[Round "-"]
[White "marekj"]
[Black "n_antonov"]
[Result "1/2-1/2"]
[WhiteCountry "INT"]
[BlackCountry "BUL"]
[WhiteElo "2118"]
[WhiteRD "91"]
[BlackElo "2218"]
[BlackRD "63"]
[GameID "198039"]

1. d4 d5 2. c4 e6 3. Nc3 c5 4. cxd5 exd5 5. Nf3 Nc6 6. g3 c4 7. Bg2 Bb4 8. O-O Nge7 9. a3 Ba5 10. e4 dxe4
11. Nxe4 O-O 12. Qa4 Bg4 13. Be3 Bxf3 14. Bxf3 Nf5 15. Qxc4 Rc8 16. Bg5 Ncxd4 17. Qd3 f6 18. Bf4 Nxf3+ 19. Qxf3 Nd4 20. Qg2 Ne2+
21. Kh1 Nxf4 22. gxf4 Rc2 23. b4 Bb6 24. Rad1 Qc7 25. Qf3 Rc8 26. a4 a5 27. b5 Re8 28. Qg4 Qe7 29. Nd6 Qe6 30. f5 Qe2
31. Qg2 Re7=
1/2-1/2

[Event "Thematic Tarrasch Memorial"]
[Site "SchemingMind.com"]
[Date "2009.03.26"]
[Round "-"]
[White "klagefall"]
[Black "n_antonov"]
[Result "1/2-1/2"]
[WhiteCountry "GER"]
[BlackCountry "BUL"]
[WhiteElo "1981"]
[WhiteRD "68"]
[BlackElo "2218"]
[BlackRD "63"]
[GameID "198040"]

1. d4 d5 2. c4 e6 3. Nc3 c5 4. cxd5 exd5 5. Nf3 Nc6 6. g3 Nf6 7. Bg2 Be7 8. O-O O-O 9. Bg5 cxd4 10. Nxd4 h6
11. Be3 Re8 12. Rc1 Bg4 13. h3 Be6 14. Kh2 Qd7 15. Nxc6 bxc6 16. Na4 Bf5 17. Bc5 Rab8 18. e3 Bd6 19. Bxd6 Qxd6 20. Qd4 Nd7
21. b3 a5 22. Nc5 Rb4 23. Qc3 h5 24. Nxd7 Bxd7 25. Qc5 Qxc5 26. Rxc5 a4 27. Rd1 axb3 28. axb3 Rb7=
1/2-1/2

[Event "Thematic Tarrasch Memorial"]
[Site "SchemingMind.com"]
[Date "2009.03.31"]
[Round "-"]
[White "Aadsje"]
[Black "riverriver"]
[Result "1-0"]
[WhiteCountry "NED"]
[BlackCountry "USA"]
[WhiteElo "2179"]
[WhiteRD "67"]
[BlackElo "1700"]
[BlackRD "63"]
[GameID "198187"]

1. d4 d5 2. c4 e6 3. Nc3 c5 4. cxd5 cxd4 5. Qa4+ Nd7 6. Qxd4 Bc5 7. Qxg7 Qf6 8. Qxf6 Ngxf6 9. dxe6 fxe6 10. Nf3 Bb4
11. Bd2 Nb6 12. a3 Bd6 13. Nb5 Bd7 14. Nxd6+ Ke7 15. Nxb7 Bc6 16. Bb4+ Kd7 17. Ne5+ Kc7 18. Na5 Ba4 19. Rc1+
1-0

[Event "Thematic Tarrasch Memorial"]
[Site "SchemingMind.com"]
[Date "2009.04.01"]
[Round "-"]
[White "Aadsje"]
[Black "Jose Luis Fonseca Gonzalez"]
[Result "1/2-1/2"]
[WhiteCountry "NED"]
[BlackCountry "NCA"]
[WhiteElo "2220"]
[WhiteRD "67"]
[BlackElo "2086"]
[BlackRD "86"]
[GameID "198188"]

1. d4 d5 2. c4 e6 3. Nc3 c5 4. cxd5 exd5 5. Nf3 Nc6 6. g3 Nf6 7. Bg2 Be7 8. O-O O-O 9. Bg5 cxd4 10. Nxd4 h6
11. Be3 Re8 12. Qb3 Na5 13. Qc2 Nc4 14. Bc1 Bg4 15. h3 Bh5 16. Nxd5=
1/2-1/2

[Event "Thematic Tarrasch Memorial"]
[Site "SchemingMind.com"]
[Date "2009.03.29"]
[Round "-"]
[White "Aadsje"]
[Black "badbishop"]
[Result "0-1"]
[WhiteCountry "NED"]
[BlackCountry "POL"]
[WhiteElo "1876"]
[WhiteRD "56"]
[BlackElo "2240"]
[BlackRD "74"]
[GameID "198189"]

1. d4 d5 2. c4 e6 3. Nc3 c5 4. cxd5 exd5 5. Nf3 Nc6 6. g3 Nf6 7. Bg2 Be7 8. O-O O-O 9. Bg5 cxd4 10. Nxd4 h6
11. Be3 Bg4 12. Qa4 Na5 13. Rad1 Nc4 14. Bc1 Nb6 15. Qb3 Qd7 16. Be3 Bc5 17. Ne6 fxe6 18. Bxc5 Rfc8 19. Bd4 Qe7 20. f3 Bh5
21. Rfe1 Bf7 22. f4 Rc4 23. a3 Qc7 24. Nb5 Qd8 25. Qe3 Rc6 26. Qf2 Bg6 27. Rc1 Qd7 28. Nxa7 Rxc1 29. Rxc1 Nc4 30. b3 Nxa3
31. Bxf6 gxf6 32. Qb6 Bc2 33. Qc5 b6 34. Qxa3 Rxa7 35. Qb2 Bf5 36. Qxf6 Qg7 37. Qd8+ Kh7
0-1

[Event "Thematic Tarrasch Memorial"]
[Site "SchemingMind.com"]
[Date "2009.03.27"]
[Round "-"]
[White "Aadsje"]
[Black "smothered mate"]
[Result "1-0"]
[WhiteCountry "NED"]
[BlackCountry "POL"]
[WhiteElo "2220"]
[WhiteRD "67"]
[BlackElo "1869"]
[BlackRD "55"]
[GameID "198190"]

1. d4 d5 2. c4 e6 3. Nc3 c5 4. cxd5 exd5 5. Nf3 Nc6 6. g3 Nf6 7. Bg2 Be7 8. O-O cxd4 9. Nxd4 O-O 10. Bg5 h6
11. Be3 Ne5 12. Qb3 Be6 13. Qxb7 Rb8 14. Qxa7 Rxb2 15. Rab1 Rxb1 16. Rxb1 Nc4 17. Nc6
1-0

[Event "Thematic Tarrasch Memorial"]
[Site "SchemingMind.com"]
[Date "2009.04.01"]
[Round "-"]
[White "Aadsje"]
[Black "waldron"]
[Result "1/2-1/2"]
[WhiteCountry "NED"]
[BlackCountry "USA"]
[WhiteElo "2220"]
[WhiteRD "67"]
[BlackElo "2241"]
[BlackRD "65"]
[GameID "198191"]

1. d4 d5 2. c4 e6 3. Nc3 c5 4. cxd5 exd5 5. Nf3 Nc6 6. g3 Nf6 7. Bg2 Be7 8. O-O O-O 9. Bg5 c4 10. Ne5 Be6
11. Nxc6 bxc6 12. Qc2 h6 13. Bf4 Qd7 14. Rad1 a5 15. e4 Nxe4 16. Nxe4 dxe4 17. Bxe4 Rfd8 18. Rfe1 a4 19. a3 Re8 20. Re3 Bg5=
21. Bxg5 hxg5 22. Rd2 g4 23. Bh7+ Kf8 24. Be4=
1/2-1/2

[Event "Thematic Tarrasch Memorial"]
[Site "SchemingMind.com"]
[Date "2009.03.27"]
[Round "-"]
[White "Aadsje"]
[Black "n_antonov"]
[Result "1/2-1/2"]
[WhiteCountry "NED"]
[BlackCountry "BUL"]
[WhiteElo "2203"]
[WhiteRD "60"]
[BlackElo "2218"]
[BlackRD "63"]
[GameID "198192"]

1. d4 d5 2. c4 e6 3. Nc3 c5 4. cxd5 exd5 5. Nf3 Nf6 6. g3 Nc6 7. Bg2 Be7 8. O-O Be6 9. dxc5 Bxc5 10. Na4 Be7
11. Be3 O-O 12. Rc1 Ng4 13. Bc5 Nf6 14. Nd4 Re8 15. e3 Rc8 16. Nxc6 Rxc6 17. Bxe7 Qxe7 18. Qd4 Rec8 19. Rxc6 bxc6 20. Rc1 Bf5=
21. b4 h5 22. Nc5 Ng4 23. Qf4 Qe5 24. h3 Qxf4 25. gxf4 Nf6 26. a3 Kf8 27. f3 h4 28. Kf2 Ra8 29. Nb3 Bd7=
1/2-1/2